Humanistas portugueses em Itália (Registo nº 201833)

Detalhes MARC
000 -Etiqueta do registo
Valores 00713nam 22001933 4500
021 ## - Número do Depósito Legal
Código do país Portugal
Número 2655/83
100 ## - Dados gerais de processamento
Dados gerais 20260420d u||y0pory50 ba
200 ## - Titulo e menção de responsabilidade
Título próprio Humanistas portugueses em Itália
Informação de outro título subsídios para o estudo de Frei Gomes de Lisboa, dos dois Luíses Teixeiras, de João de Barros e de Henrique Caiado
Primeira menção de responsabilidade A. Moreira de Sá
210 ## - Publicação
Local de publicação Lisboa
Nome do editor Imprensa Nacional-Casa da Moeda
Data de publicação 1983
215 ## - Descrição física 
Paginação / Volumes 203, [13] p.
Outras indicações físicas il. ; brochado
Dimensões 24 cm
225 ## - Colecção 
Título próprio da colecção Temas portugueses
606 ## - Nome comum usado como assunto
ID Autoridade 3661
Palavra de ordem Crítica Literária.Estudos Literários
675 ## - CDU
Notação 82.09
Edição PT
Língua por
700 ## - Autor principal (pessoa individual)
ID Autoridade 14704
Apelido
Nome Artur Moreira de
Datas 1913-1989
801 ## - Fonte de origem
País PT
Agência BMMN
Regras de catalogação RPC
830 ## - Notas gerais do catalogador
Criado por Vanda
990 ## - Elementos KOHA
Tipo de documento Livro
Exemplares
Situação do levantamento Biblioteca de origem Código de barras Cota Permissão de empréstimo Tipo de documento Forma de aquisição
  Biblioteca Municipal de Montemor-o-Novo 31215 82.09 SA|DEP   Livro Compra

Powered by Koha